| 000 | 01316nam a22003137a 4500 | ||
|---|---|---|---|
| 005 | 20260313143634.0 | ||
| 008 | 260311s2005 ck ||||g |||| 00| | spa d | ||
| 040 |
_aCO-BoESAP _bspa _cCO-BoESAP |
||
| 100 | 1 |
_aDíaz Perilla, Viviana _9222634 _eautora |
|
| 245 | 1 | 3 |
_aLa construcción de un Estado comunitario : _bun elemento integral de la estrategia global de reforma de la actual administración pública / _cViviana Díaz Perilla y Catalina Atehortúa García. |
| 300 | _apáginas 149-200 | ||
| 504 | _aBibliografía: páginas 199-200. | ||
| 526 | _a104436 | ||
| 526 | _a1697 | ||
| 526 | _a19790 | ||
| 526 | _a51868 | ||
| 526 | _a102619 | ||
| 526 | _a5144 | ||
| 630 | 0 | 4 |
_aLey 790 de 2002 _9222633 |
| 650 | 1 | 4 |
_aReformas administrativas _xHistoria _9222549 _zColombia |
| 650 | 2 | 4 |
_aModernización del Estado _9219956 _zColombia |
| 650 | 2 | 7 |
_aDescentralización administrativa _xLegislación _910325 _zColombia _2LEMB |
| 650 | 2 | 7 |
_aParticipación ciudadana _910525 _zColombia _2LEMB |
| 651 | 7 |
_aColombia _2LEMB _9164775 _xAdministración pública _xLegislación |
|
| 651 | 7 |
_aColombia _2LEMB _9164775 _yConstitución, 1991 |
|
| 700 | 1 |
_aAtehortúa García, Catalina _9222635 _eautora |
|
| 773 | _tTeoría de la organización administrativa colombiana : una visión jurídico-administrativa | ||
| 942 |
_2cl _cCHAP |
||
| 999 |
_c175276 _d175276 |
||